Score 0/25 Timer 04:00
0 Plays Today
Scrambled Word Answer % Correct
IXSAAXIS
97.8%
NYLXLYNX
91.2%
AZXZAX
87.3%
EXLUDEDELUXE
87%
NOXYONYX
84.6%
BIXEIBEX
82.7%
CAXTEEXACT
80.8%
LAGYXAGALAXY
80.6%
NIXTOTOXIN
80.1%
RBEOXBOXER
79.1%
HIXELHELIX
77.3%
EXELRFREFLEX
77.3%
NEXLAFFLAXEN
73.8%
Scrambled Word Answer % Correct
ORXXE*XEROX
73.4%
VECXONCONVEX
72.5%
RYPOXPROXY
70.5%
EXANWWAXEN
69.9%
TREVOXVORTEX
69.8%
EXNEKEL*KLEENEX
55%
OXIQUTICQUIXOTIC
53.2%
DHNOOORTUXUNORTHODOX
46%
BEJKOUXJUKEBOX
39.5%
INOOSUXNOXIOUS
33.6%
ANTSXYSYNTAX
32.7%
RETIMUXMIXTURE
29.7%
Remove Ads.
Support Sporcle.
Get the best of Sporcle when you Go Orange. This ad-free experience offers more features, more stats, and more fun while also helping to support Sporcle. Thank you for becoming a member.

You're not logged in!

Compare scores with friends on all Sporcle quizzes.
OR
Log In

Show Comments

Extras

Top Quizzes Today


Score Distribution

Your Account Isn't Verified!

In order to create a playlist on Sporcle, you need to verify the email address you used during registration. Go to your Sporcle Settings to finish the process.

Report this User

Report this user for behavior that violates our Community Guidelines.

Details: